[Event "RUS-chT 32nd"]
[Site "Sochi"]
[Date "2025.05.05"]
[Round "9.5"]
[White "Kulaev, Maxim"]
[Black "Bocharov, Dmitry"]
[Result "1/2-1/2"]
[WhiteElo "2355"]
[BlackElo "2525"]
[PlyCount "79"]
[EventDate "2025.04.26"]
[EventType "team-swiss"]
[EventRounds "9"]
[EventCountry "RUS"]
[SourceTitle "CB19_2025"]
[SourceDate "2025.05.07"]
[SourceVersion "1"]
[SourceVersionDate "2025.05.07"]
[SourceQuality "1"]
[WhiteTeam "Saratov Muromtsev"]
[BlackTeam "Novosibirsk GAU"]
[WhiteTeamCountry "RUS"]
[BlackTeamCountry "RUS"]

1. d4 Nf6 2. c4 e6 3. Nf3 b6 4. a3 Bb7 5. Nc3 d5 6. Bf4 dxc4 7. e3 Nd5 8. Bxc4 Nxc3 9. bxc3 Bd6 10. Bg3 0-0 11. 0-0 Nd7 12. a4 Bxg3 13. hxg3 c5 14. Bb5 Nf6 15. Ne5 Ne4 16. Rc1 Rc8 17. Qg4 cxd4 18. cxd4 Qd5 19. f3 Nf6 20. Qf4 h6 21. Kh2 a6 22. Bc4 Qa5 23. Rb1 Qxa4 24. Rxb6 Rxc4 25. Rxb7 Rc2 26. Rg1 Qa3 27. e4 Qc3 28. Rd1 Nh5 29. Qh4 Nf6 30. Qh3 Qc8 31. Rdb1 Rc7 32. R7b6 a5 33. g4 Rc3 34. Qh4 a4 35. Qe1 a3 36. Rb8 Qc7 37. R8b7 Qc8 38. Rb8 Qc7 39. R8b7 Qc8 40. Rb8 1/2-1/2

[Event "RUS-chT 32nd"]
[Site "Sochi"]
[Date "2025.04.30"]
[Round "5.4"]
[White "Zarubitski, Viachaslau"]
[Black "Kulaev, Maxim"]
[Result "1/2-1/2"]
[WhiteElo "2398"]
[BlackElo "2355"]
[PlyCount "43"]
[EventDate "2025.04.26"]
[EventType "team-swiss"]
[EventRounds "9"]
[EventCountry "RUS"]
[SourceTitle "CB19_2025"]
[SourceDate "2025.05.07"]
[SourceVersion "1"]
[SourceVersionDate "2025.05.07"]
[SourceQuality "1"]
[WhiteTeam "Belarus"]
[BlackTeam "Saratov Muromtsev"]
[WhiteTeamCountry "BLR"]
[BlackTeamCountry "RUS"]

1. c4 e6 2. Nc3 d5 3. d4 Be7 4. cxd5 exd5 5. Bf4 c6 6. e3 Bf5 7. Bd3 Bxd3 8. Qxd3 Nf6 9. Nge2 Nbd7 10. h3 Nf8 11. 0-0 Ne6 12. Be5 0-0 13. Rad1 Qb6 14. f3 Rad8 15. Bg3 c5 16. Qb5 Qxb5 17. Nxb5 a6 18. Nbc3 cxd4 19. Nxd4 Nxd4 20. Rxd4 Bc5 21. Rd3 d4 22. exd4 1/2-1/2

[Event "RUS-chT 32nd"]
[Site "Sochi"]
[Date "2025.04.29"]
[Round "4.4"]
[White "Kulaev, Maxim"]
[Black "Zubritskiy, Artyom"]
[Result "1/2-1/2"]
[WhiteElo "2355"]
[BlackElo "2431"]
[PlyCount "57"]
[EventDate "2025.04.26"]
[EventType "team-swiss"]
[EventRounds "9"]
[EventCountry "RUS"]
[SourceTitle "CB19_2025"]
[SourceDate "2025.05.07"]
[SourceVersion "1"]
[SourceVersionDate "2025.05.07"]
[SourceQuality "1"]
[WhiteTeam "Saratov Muromtsev"]
[BlackTeam "St Petersburg SSHOR"]
[WhiteTeamCountry "RUS"]
[BlackTeamCountry "RUS"]

1. d4 Nf6 2. c4 e6 3. Nf3 d5 4. Nc3 c6 5. e3 Be7 6. b3 Ne4 7. Nxe4 dxe4 8. Nd2 f5 9. Bb2 0-0 10. a3 b6 11. Qc2 c5 12. dxc5 bxc5 13. Be2 Bb7 14. 0-0 Nd7 15. f3 Bg5 16. f4 Bf6 17. Rfd1 e5 18. Nf1 Qe7 19. Qd2 Rad8 20. Qd6 Qxd6 21. Rxd6 exf4 22. Bxf6 Nxf6 23. Rxd8 Rxd8 24. exf4 a5 25. b4 axb4 26. axb4 cxb4 27. Rb1 Bc6 28. Rxb4 Nd7 29. Ne3 1/2-1/2

[Event "RUS Cup tt"]
[Site "Sochi"]
[Date "2024.12.02"]
[Round "6.17"]
[White "Kulaev, Maxim"]
[Black "Popov, Maksim1"]
[Result "1-0"]
[WhiteElo "2317"]
[BlackElo "2342"]
[PlyCount "94"]
[EventDate "2024.11.27"]
[EventType "team-swiss"]
[EventRounds "7"]
[EventCountry "RUS"]
[SourceTitle "CB50_2024"]
[SourceDate "2024.11.01"]
[SourceVersion "1"]
[SourceVersionDate "2024.11.01"]
[SourceQuality "2"]
[WhiteTeam "ShAAKh"]
[BlackTeam "Voronezh"]
[WhiteTeamCountry "RUS"]
[BlackTeamCountry "RUS"]

1. e4 c5 2. Nf3 d6 3. d4 cxd4 4. Nxd4 Nf6 5. Nc3 a6 6. h4 e6 7. g4 d5 8. exd5 Nxd5 9. Bd2 Bc5 10. Nb3 Be7 11. Qe2 Nxc3 12. Bxc3 Bf6 13. Bxf6 Qxf6 14. 0-0-0 Qf4+ 15. Kb1 0-0 16. Rd4 Qc7 17. Rc4 Nc6 18. Bg2 Bd7 19. h5 h6 20. f4 Rac8 21. g5 b5 22. Rc5 Qxf4 23. Rf1 Qh4 24. gxh6 gxh6 25. Qd2 Qg3 26. Qxh6 Ne5 27. Bc6 Qg7 28. Qe3 Bxc6 29. Rxe5 Kh7 30. Rg5 Qh6 31. Qd3+ Kh8 32. Qc3+ Kh7 33. Rfg1 f6 34. Rg6 Qf4 35. R6g4 Qh6 36. Qg3 Rf7 37. Rg8 Rfc7 38. Rg6 Qf8 39. Nd4 Bd5 40. Qd3 Kh8 41. Qe3 Rh7 42. Nxe6 Qe7 43. Qd4 Bxa2+ 44. Ka1 Bxe6 45. Rxf6 Rg7 46. Rxe6 Qa7 47. Rh6+ Kg8 1-0

[Event "RUS-chT Rapid"]
[Site "Sochi"]
[Date "2024.10.19"]
[Round "8.3"]
[White "Paravyan, David"]
[Black "Kulaev, Maxim"]
[Result "1-0"]
[WhiteElo "2620"]
[BlackElo "2317"]
[PlyCount "137"]
[EventDate "2024.10.18"]
[EventType "team-swiss (rapid)"]
[EventRounds "9"]
[EventCountry "RUS"]
[SourceTitle "CB43_2024"]
[Source "Chessbase"]
[SourceDate "2024.10.23"]
[SourceVersion "1"]
[SourceVersionDate "2024.10.23"]
[SourceQuality "1"]
[WhiteTeam "Moscow Park Tauer"]
[BlackTeam "Saratov Federatsiya"]
[WhiteTeamCountry "RUS"]
[BlackTeamCountry "RUS"]

1. e4 c5 2. Nf3 d6 3. d4 cxd4 4. Nxd4 Nf6 5. Nc3 a6 6. f3 e5 7. Nb3 Be6 8. Be3 h5 9. Qd2 Nbd7 10. 0-0-0 Be7 11. Kb1 b5 12. Nd5 Bxd5 13. exd5 Nb6 14. Bxb6 Qxb6 15. Na5 Rc8 16. Nc6 Nxd5 17. Nxe7 Nxe7 18. Qxd6 Qxd6 19. Rxd6 Nc6 20. c3 Ke7 21. Rd1 Rhd8 22. Bd3 g6 23. Rhe1 f5 24. a4 Rd5 25. axb5 axb5 26. b4 Rcd8 27. Kc2 R8d6 28. h4 Kd7 29. Bf1 Kc7 30. Rxd5 Rxd5 31. Rd1 Rxd1 32. Kxd1 Kb6 33. Kd2 Ne7 34. g3 Nc8 35. c4 bxc4 36. Bxc4 Nd6 37. Bg8 Kb5 38. Bh7 f4 39. gxf4 exf4 40. Kc3 Nf5 41. Bxg6 Nxh4 42. Bxh5 Kb6 43. Kc4 Ng2 44. Bg6 Ne3+ 45. Kb3 Kb5 46. Bd3+ Kc6 47. Kc3 Kb6 48. Kd4 Kc6 49. Ke5 Kb6 50. Ke4 Ng2 51. Be2 Kc6 52. Bc4 Kb6 53. b5 Kc5 54. Bf1 Ne3 55. Bh3 Nd5 56. Bg4 Nc7 57. Bd7 Kd6 58. Bc6 Ne6 59. Kf5 Nc5 60. Kxf4 Nd3+ 61. Ke4 Nc5+ 62. Kf5 Nb3 63. f4 Nd4+ 64. Kf6 Ne2 65. f5 Nd4 66. Kg6 Ne2 67. f6 Nf4+ 68. Kf7 Ne6 69. Kg8 1-0

[Event "RUS-chT Blitz"]
[Site "Sochi"]
[Date "2024.10.17"]
[Round "2.4"]
[White "Kulaev, Maxim"]
[Black "Makarian, Rudik"]
[Result "0-1"]
[WhiteElo "2317"]
[BlackElo "2550"]
[PlyCount "21"]
[EventDate "2024.10.17"]
[EventType "team-swiss (blitz)"]
[EventRounds "11"]
[EventCountry "RUS"]
[SourceTitle "CB43_2024"]
[Source "Chessbase"]
[SourceDate "2024.10.23"]
[SourceVersion "1"]
[SourceVersionDate "2024.10.23"]
[SourceQuality "1"]
[WhiteTeam "Saratov Federatsiya"]
[BlackTeam "Moscow Park Tauer"]
[WhiteTeamCountry "RUS"]
[BlackTeamCountry "RUS"]

1. d4 Nf6 2. c4 e6 3. Nf3 d5 4. Nc3 dxc4 5. e4 Bb4 6. Bxc4 Nxe4 7. 0-0 Nf6 8. Qa4+ Nc6 9. Ne5 Bd6 10. Nxc6 bxc6 11. Qxc6+ 0-1

[Event "St Petersburg Korchnoi Memorial op"]
[Site "St Petersburg"]
[Date "2024.08.19"]
[Round "5"]
[White "Kulaev, Maxim"]
[Black "Kalinin, Nikita An"]
[Result "1/2-1/2"]
[WhiteElo "2351"]
[BlackElo "2145"]
[PlyCount "132"]
[EventDate "2024.08.17"]
[EventType "swiss"]
[EventRounds "9"]
[EventCountry "RUS"]
[SourceTitle "CBM 221 Extra"]
[Source "ChessBase"]
[SourceDate "2024.09.30"]
[SourceVersion "1"]
[SourceVersionDate "2024.09.30"]
[SourceQuality "1"]

1. e4 c5 2. Nf3 Nc6 3. Bb5 g6 4. 0-0 Bg7 5. Re1 e5 6. Bxc6 dxc6 7. a4 a5 8. Na3 Qc7 9. Nc4 Nh6 10. d3 f6 11. Bd2 0-0 12. Rf1 Be6 13. b3 Nf7 14. Qe2 b6 15. Nh4 Rae8 16. Rae1 Qd8 17. Ne3 Nd6 18. g3 f5 19. exf5 gxf5 20. Neg2 Qd7 21. f3 Bd5 22. c4 Bf7 23. Bc3 Bg6 24. Qb2 f4 25. Nxg6 hxg6 26. g4 Nf7 27. Rd1 Bh8 28. h4 Re6 29. Rd2 Rd8 30. Rfd1 Qe7 31. Qc2 Bf6 32. g5 Bg7 33. Re2 Qd7 34. Rde1 Rd6 35. Rd1 Qh3 36. Rf2 R6d7 37. Qe2 Qf5 38. Ne1 Nd6 39. Rh2 Qf7 40. Qb2 Re8 41. Rdd2 Nf5 42. Rde2 Ng3 43. Rd2 Qe6 44. Qc2 Red8 45. Bb2 Nf5 46. Rde2 Ne3 47. Qb1 Rd6 48. Bc1 Nf5 49. h5 Ng3 50. h6 Nxe2+ 51. Rxe2 Bh8 52. Bxf4 Qf5 53. Be3 Kh7 54. Rg2 Qf7 55. Rg4 e4 56. Rxe4 Re6 57. Kg2 Rde8 58. Qd1 Be5 59. Qe2 Bb8 60. Qb2 Be5 61. Qf2 R6e7 62. Nc2 Qf5 63. Bd2 Bd6 64. Ne3 Qxg5+ 65. Ng4 Qf5 66. Bc3 Rf8 1/2-1/2

[Event "St Petersburg Korchnoi Memorial op"]
[Site "St Petersburg"]
[Date "2024.08.17"]
[Round "1"]
[White "Kulaev, Maxim"]
[Black "Pak, Georgy"]
[Result "1-0"]
[WhiteElo "2351"]
[BlackElo "1819"]
[PlyCount "105"]
[EventDate "2024.08.17"]
[EventType "swiss"]
[EventRounds "9"]
[EventCountry "RUS"]
[SourceTitle "CBM 221 Extra"]
[Source "ChessBase"]
[SourceDate "2024.09.30"]
[SourceVersion "1"]
[SourceVersionDate "2024.09.30"]
[SourceQuality "1"]

1. c4 e5 2. g3 Nf6 3. Bg2 c6 4. Nf3 e4 5. Nd4 d5 6. cxd5 Qxd5 7. e3 Qe5 8. 0-0 Bc5 9. Nb3 Bb6 10. f3 Bf5 11. Nc3 g6 12. fxe4 Nxe4 13. d4 Qe6 14. d5 Nxc3 15. bxc3 Qe5 16. Nd4 Be4 17. dxc6 Nxc6 18. Ba3 0-0-0 19. Rxf7 Bxg2 20. Qg4+ Kb8 21. Kxg2 Qxe3 22. Nxc6+ bxc6 23. Qf4+ Qxf4 24. Rxf4 Rd2+ 25. Kh3 Re8 26. Rf8 Rxf8 27. Bxf8 h5 28. Bh6 Rc2 29. Rf1 Rxa2 30. Rf7 Bg1 31. Bf4+ Ka8 32. Kh4 Rxh2+ 33. Kg5 Bb6 34. Kxg6 Rh3 35. Rh7 a5 36. Rxh5 Rxh5 37. Kxh5 Kb7 38. g4 Bd8 39. c4 Bf6 40. Bc1 Kc7 41. g5 Bd4 42. g6 Kd6 43. Ba3+ Ke6 44. Kh6 Kf5 45. g7 Bxg7+ 46. Kxg7 Ke4 47. c5 Kd4 48. Kf7 Kc4 49. Ke6 Kb3 50. Bc1 Kb4 51. Kd6 Kb5 52. Bb2 a4 53. Bc1 1-0

[Event "RUS-chT2"]
[Site "Sochi"]
[Date "2024.05.04"]
[Round "4.14"]
[White "Babakekhyan, Artem"]
[Black "Kulaev, Maxim"]
[Result "0-1"]
[WhiteElo "2221"]
[BlackElo "2312"]
[PlyCount "74"]
[EventDate "2024.05.01"]
[EventType "team-swiss"]
[EventRounds "9"]
[EventCountry "RUS"]
[SourceTitle "CBM 220 Extra"]
[Source "ChessBase"]
[SourceDate "2024.07.31"]
[SourceVersion "1"]
[SourceVersionDate "2024.07.31"]
[SourceQuality "1"]
[WhiteTeam "Moscow Finuniversity"]
[BlackTeam "Muromtsev Akademiya"]
[WhiteTeamCountry "RUS"]
[BlackTeamCountry "RUS"]

1. Nf3 d5 2. g3 Nd7 3. d4 Nb6 4. Bg2 Bf5 5. b3 c6 6. 0-0 e6 7. c4 Be7 8. Nc3 h6 9. Ne5 Nf6 10. c5 Nbd7 11. f4 a5 12. a3 Qc7 13. Bd2 b6 14. b4 0-0 15. h3 Bh7 16. g4 bxc5 17. bxc5 Rab8 18. Qa4 Rfc8 19. Ra2 Nxe5 20. fxe5 Nd7 21. Kh1 Qb7 22. e4 Qb3 23. Qxb3 Rxb3 24. exd5 exd5 25. Nxd5 cxd5 26. Bxd5 Rxh3+ 27. Kg2 Rd3 28. Rxf7 Rxd4 29. Be6 Nxc5 30. Rxe7+ Nxe6 31. Rxe6 Rxg4+ 32. Kf3 h5 33. Ke2 Re4+ 34. Kf3 Rf8+ 35. Kg3 h4+ 36. Kg2 Re2+ 37. Kg1 h3 0-1

[Event "RUS-ch U20"]
[Site "Ekaterinburg"]
[Date "2024.04.07"]
[Round "1"]
[White "Kulaev, Maxim"]
[Black "Pingin, Artem"]
[Result "1-0"]
[WhiteElo "2341"]
[BlackElo "2409"]
[PlyCount "139"]
[EventDate "2024.04.07"]
[EventType "tourn"]
[EventRounds "9"]
[EventCountry "RUS"]
[EventCategory "7"]
[SourceTitle "CBM 219 Extra"]
[Source "ChessBase"]
[SourceDate "2024.05.31"]
[SourceVersion "1"]
[SourceVersionDate "2024.05.31"]
[SourceQuality "1"]

1. c4 e5 2. Nc3 Bb4 3. Nd5 a5 4. Nf3 d6 5. a3 Bc5 6. e3 c6 7. d4 Ba7 8. Nc3 Nd7 9. Be2 Ngf6 10. g4 0-0 11. g5 Ne8 12. h4 Qe7 13. Qc2 Nc7 14. Bd2 b5 15. dxe5 dxe5 16. Ne4 b4 17. Rg1 f5 18. gxf6 Nxf6 19. Nxf6+ Rxf6 20. Qe4 Bf5 21. Qxe5 Ne6 22. axb4 Bb8 23. Qc3 axb4 24. Qc1 Rxa1 25. Qxa1 Rf8 26. b3 h6 27. c5 Nxc5 28. Bxb4 Nd3+ 29. Bxd3 Qxb4+ 30. Nd2 Qe7 31. Bxf5 Rxf5 32. Rg4 Qf8 33. Qc3 Bd6 34. Qc4+ Kh8 35. Ne4 Be7 36. Qxc6 h5 37. Rf4 Rxf4 38. exf4 Bxh4 39. Qg6 Kg8 40. Qe6+ Kh8 41. f5 Be7 42. Kf1 h4 43. Kg2 Bd8 44. Nd6 Be7 45. Nf7+ Kh7 46. Kg1 Bf6 47. Nd6 Be7 48. Ne4 Kh8 49. Kh2 Qb8+ 50. Kh3 Qd8 51. f3 Qf8 52. Kg4 Kh7 53. b4 Bd8 54. b5 Qb4 55. Qg6+ Kg8 56. Qe8+ Qf8 57. Qe6+ Qf7 58. Nc3 Qxe6 59. fxe6 Kf8 60. Nd5 g5 61. b6 Bxb6 62. Nxb6 Ke7 63. Nc4 Kxe6 64. Nd2 Ke5 65. Ne4 h3 66. Nf2 h2 67. Kg3 Kf5 68. Kxh2 Kf4 69. Kg2 Ke3 70. Nh3 1-0

[Event "Moscow Aeroflot op-A"]
[Site "Moscow"]
[Date "2024.03.03"]
[Round "2"]
[White "Garifullina, Leya"]
[Black "Kulaev, Maxim"]
[Result "0-1"]
[WhiteElo "2413"]
[BlackElo "2322"]
[PlyCount "142"]
[EventDate "2024.03.03"]
[EventType "swiss"]
[EventRounds "9"]
[EventCountry "RUS"]
[SourceTitle "CBM 219 Extra"]
[Source "ChessBase"]
[SourceDate "2024.05.31"]
[SourceVersion "1"]
[SourceVersionDate "2024.05.31"]
[SourceQuality "1"]

1. d4 d5 2. c4 e6 3. Nf3 Nd7 4. g3 dxc4 5. Bg2 Rb8 6. a4 a6 7. a5 Bb4+ 8. Bd2 Bd6 9. Na3 b5 10. axb6 Nxb6 11. 0-0 Nf6 12. Ne5 Bxe5 13. dxe5 Nfd7 14. Bc3 0-0 15. Qd4 c5 16. Qd6 Bb7 17. Bxb7 Rxb7 18. e4 Qc8 19. Nc2 Nb8 20. Rfd1 Na8 21. Qd2 Rd7 22. Qe2 Rfd8 23. Rxd7 Qxd7 24. Ne3 Nc7 25. Rd1 Qe8 26. Rxd8 Qxd8 27. Qxc4 Qe7 28. Nc2 Nd7 29. f4 Nb6 30. Qe2 Nb5 31. Be1 h6 32. Bf2 Qc7 33. Ne1 c4 34. Nf3 Na4 35. f5 Qc6 36. Nd4 Nxd4 37. Bxd4 Qb5 38. Qf2 Qb3 39. Qe2 a5 40. f6 c3 41. bxc3 Nxc3 42. Qd3 Qb1+ 43. Qxb1 Nxb1 44. Kf2 Nd2 45. Ke2 Nxe4 46. Kd3 Ng5 47. h4 Nf3 48. Bc3 gxf6 49. exf6 h5 50. Ke4 Nh2 51. Bxa5 Kh7 52. Kf4 Kg6 53. Bc3 Ng4 54. Bd4 Nxf6 55. Ke5 Ng4+ 56. Kf4 f6 57. Ke4 Kf7 58. Bb2 e5 59. Kd5 Ne3+ 60. Ke4 Nf1 61. Bxe5 fxe5 62. Kxe5 Nh2 63. Kf4 Kg6 64. Ke4 Ng4 65. Kf4 Kf6 66. Ke4 Ne5 67. Kf4 Ng6+ 68. Ke4 Ke6 69. g4 hxg4 70. h5 Ne5 71. h6 Kf6 0-1

[Event "Moscow Aeroflot op-A"]
[Site "Moscow"]
[Date "2024.03.03"]
[Round "1"]
[White "Kulaev, Maxim"]
[Black "Faizrakhmanov, Ramil"]
[Result "0-1"]
[WhiteElo "2322"]
[BlackElo "2454"]
[PlyCount "108"]
[EventDate "2024.03.03"]
[EventType "swiss"]
[EventRounds "9"]
[EventCountry "RUS"]
[SourceTitle "CBM 219 Extra"]
[Source "ChessBase"]
[SourceDate "2024.05.31"]
[SourceVersion "1"]
[SourceVersionDate "2024.05.31"]
[SourceQuality "1"]

1. c4 e5 2. g3 Nf6 3. Bg2 d5 4. cxd5 Nxd5 5. Nc3 Nb6 6. Nf3 Nc6 7. 0-0 Be7 8. a3 a5 9. d3 Be6 10. Be3 Nd5 11. d4 exd4 12. Bxd4 0-0 13. Ne4 Nxd4 14. Nxd4 Bc8 15. Rc1 c6 16. Rxc6 bxc6 17. Nxc6 Qc7 18. Qxd5 Bb7 19. Nxe7+ Qxe7 20. Qd6 Qxd6 21. Nxd6 Bxg2 22. Kxg2 Rab8 23. b4 Rfd8 24. Nc4 a4 25. Ra1 Rdc8 26. Nb2 Ra8 27. Nd3 Rc2 28. Nc5 Rxe2 29. Rd1 g6 30. Rd3 Ra2 31. g4 h6 32. h3 Re8 33. Rf3 Re1 34. Nxa4 Rea1 35. Nb6 Rxa3 36. Rf4 Rd1 37. Nc4 Rc3 38. Ne5 Rd5 39. Nf3 Rb3 40. Rc4 Kg7 41. Nh2 Rb5 42. Nf1 R5xb4 43. Rc7 Rb2 44. Ng3 Rf4 45. Nh1 h5 46. gxh5 gxh5 47. Rc3 h4 48. Rf3 Rxf3 49. Kxf3 Rb1 50. Kg2 Kg6 51. f3 Kf5 52. Nf2 Rb2 53. Kf1 Rxf2+ 54. Kxf2 Ke5 0-1

[Event "Cheliabinsk Panchenko Memorial op-A"]
[Site "Cheliabinsk"]
[Date "2022.09.20"]
[Round "9"]
[White "Vokarev, Sergey"]
[Black "Kulaev, Maxim"]
[Result "1/2-1/2"]
[WhiteElo "2436"]
[BlackElo "2322"]
[PlyCount "45"]
[EventDate "2022.09.12"]
[EventType "swiss"]
[EventRounds "10"]
[EventCountry "RUS"]
[SourceTitle "CBM 210 Extra"]
[Source "ChessBase"]
[SourceDate "2022.11.30"]
[SourceVersion "1"]
[SourceVersionDate "2022.11.30"]
[SourceQuality "1"]

1. d4 d5 2. c4 e6 3. Nc3 Be7 4. Nf3 Nf6 5. cxd5 exd5 6. Bg5 c6 7. e3 Bf5 8. Bd3 Bxd3 9. Qxd3 Nbd7 10. 0-0 0-0 11. Rab1 a5 12. Qc2 Ne8 13. Bxe7 Qxe7 14. Ne2 Nd6 15. Nf4 a4 16. Nd3 Ra5 17. Rbc1 f6 18. Nd2 Rfa8 19. Rfe1 Kh8 20. Nb1 Nf8 21. Nc3 Ne6 22. Qd1 Qf7 23. Ne2 1/2-1/2

[Event "Cheliabinsk Panchenko Memorial op-A"]
[Site "Cheliabinsk"]
[Date "2022.09.13"]
[Round "2"]
[White "Petrov, Nikita"]
[Black "Kulaev, Maxim"]
[Result "1-0"]
[WhiteElo "2548"]
[BlackElo "2322"]
[PlyCount "105"]
[EventDate "2022.09.12"]
[EventType "swiss"]
[EventRounds "10"]
[EventCountry "RUS"]
[SourceTitle "CBM 210 Extra"]
[Source "ChessBase"]
[SourceDate "2022.11.30"]
[SourceVersion "1"]
[SourceVersionDate "2022.11.30"]
[SourceQuality "1"]

1. e4 e5 2. Nf3 Nf6 3. Nxe5 d6 4. Nf3 Nxe4 5. Bd3 Nf6 6. c3 Be7 7. h3 Nbd7 8. Bc2 Ne5 9. d4 Nxf3+ 10. Qxf3 c6 11. 0-0 Be6 12. Re1 Qd7 13. Nd2 0-0-0 14. Nf1 Rde8 15. Ng3 g6 16. Bg5 Nd5 17. Bxe7 Rxe7 18. c4 Nc7 19. Bd3 f5 20. b4 Rhe8 21. a4 Bg8 22. Red1 Ne6 23. Ne2 Ng5 24. Qf4 Ne4 25. Qc1 Kb8 26. Rb1 Ka8 27. Qb2 f4 28. Nxf4 Rf8 29. f3 Ng5 30. Qd2 Ref7 31. Ne2 Nxf3+ 32. gxf3 Rxf3 33. Be4 Rf2 34. Rf1 Rxf1+ 35. Rxf1 Rxf1+ 36. Kxf1 Qxh3+ 37. Bg2 Qf5+ 38. Kg1 Bxc4 39. Nc3 a6 40. d5 cxd5 41. Nxd5 Bxd5 42. Bxd5 Qg4+ 43. Bg2 a5 44. bxa5 Qxa4 45. Qd5 Qa1+ 46. Kh2 Qe5+ 47. Qxe5 dxe5 48. a6 Kb8 49. axb7 g5 50. Kg3 h5 51. Bd5 Kc7 52. Kf3 Kb8 53. Ke4 1-0

[Event "Moscow op-A 16th"]
[Site "Moscow"]
[Date "2020.01.28"]
[Round "4"]
[White "Kulaev, Maxim"]
[Black "Shoshin, Kirill"]
[Result "1-0"]
[WhiteElo "2232"]
[BlackElo "2028"]
[PlyCount "59"]
[EventDate "2020.01.25"]
[EventType "swiss"]
[EventRounds "9"]
[EventCountry "RUS"]
[SourceTitle "CBM 194 Extra"]
[Source "ChessBase"]
[SourceDate "2020.03.31"]
[SourceVersion "1"]
[SourceVersionDate "2020.03.31"]
[SourceQuality "1"]

1. c4 e6 2. Nf3 Nf6 3. b3 d5 4. Bb2 Be7 5. g3 0-0 6. Bg2 b6 7. 0-0 Bb7 8. cxd5 Nxd5 9. d4 Nd7 10. Nbd2 c5 11. a3 cxd4 12. Nxd4 Rc8 13. Nc4 a6 14. e4 N5f6 15. e5 Nd5 16. Nf5 exf5 17. Bxd5 Bxd5 18. Qxd5 Nc5 19. Nd6 Bxd6 20. exd6 Qd7 21. Rfe1 Rfe8 22. Rac1 f4 23. Bd4 fxg3 24. hxg3 h5 25. b4 Ne6 26. Bxb6 h4 27. Be3 hxg3 28. fxg3 Nf8 29. Bf2 Ng6 30. Rxe8+ 1-0

[Event "Moscow op-A 16th"]
[Site "Moscow"]
[Date "2020.01.27"]
[Round "3"]
[White "Klimov, Sergey"]
[Black "Kulaev, Maxim"]
[Result "1-0"]
[WhiteElo "2493"]
[BlackElo "2232"]
[PlyCount "49"]
[EventDate "2020.01.25"]
[EventType "swiss"]
[EventRounds "9"]
[EventCountry "RUS"]
[SourceTitle "CBM 194 Extra"]
[Source "ChessBase"]
[SourceDate "2020.03.31"]
[SourceVersion "1"]
[SourceVersionDate "2020.03.31"]
[SourceQuality "1"]

1. e4 e6 2. d4 d5 3. Nc3 Bb4 4. e5 Ne7 5. a3 Bxc3+ 6. bxc3 c5 7. Nf3 Qc7 8. h4 h6 9. a4 b6 10. Bb5+ Bd7 11. Bd3 Nbc6 12. 0-0 0-0 13. Re1 Rfc8 14. Nh2 Qd8 15. Bxh6 gxh6 16. Ng4 Kg7 17. Nf6 cxd4 18. Qg4+ Ng6 19. cxd4 Nce7 20. h5 Rc3 21. hxg6 fxg6 22. Re3 Nf5 23. Rh3 Rac8 24. Rxh6 Kxh6 25. Qh3+ 1-0

[Event "Moscow op-A 16th"]
[Site "Moscow"]
[Date "2020.01.26"]
[Round "2"]
[White "Kulaev, Maxim"]
[Black "Faizrakhmanov, Ramil"]
[Result "1/2-1/2"]
[WhiteElo "2232"]
[BlackElo "2455"]
[PlyCount "111"]
[EventDate "2020.01.25"]
[EventType "swiss"]
[EventRounds "9"]
[EventCountry "RUS"]
[SourceTitle "CBM 194 Extra"]
[Source "ChessBase"]
[SourceDate "2020.03.31"]
[SourceVersion "1"]
[SourceVersionDate "2020.03.31"]
[SourceQuality "1"]

1. Nf3 Nf6 2. b3 g6 3. Bb2 Bg7 4. g3 0-0 5. Bg2 d5 6. c4 dxc4 7. bxc4 c5 8. 0-0 Nc6 9. Ne5 Nd4 10. e3 Nf5 11. Nc3 Nd6 12. Qe2 Be6 13. d4 Nd7 14. Nd5 cxd4 15. exd4 Rc8 16. Rac1 Bxe5 17. dxe5 Nxc4 18. Rxc4 Rxc4 19. Qxc4 Nb6 20. Qd4 Nxd5 21. Qxa7 Qd7 22. Rd1 Qb5 23. Qd4 Rd8 24. Rc1 Qa5 25. a3 Rd7 26. Bf1 Kg7 27. h4 h5 28. Rc5 Qd8 29. Rc1 Nb6 30. Qf4 Rd2 31. Bc3 Ra2 32. Bb4 Qd7 33. Bc5 Nd5 34. Qf3 b6 35. Bd4 Qa4 36. Bc4 Rxa3 37. Qe4 Nc7 38. Bxb6 Nb5 39. Bd3 Qxe4 40. Bxe4 Nc3 41. Bc5 Rb3 42. Bd3 Na2 43. Rd1 Bg4 44. Rd2 Nc1 45. Be4 Rb5 46. Be3 Ne2+ 47. Kf1 Rxe5 48. Rd4 Kh7 49. Rc4 f5 50. f3 Nxg3+ 51. Kf2 Nxe4+ 52. fxe4 fxe4 53. Bf4 Re6 54. Ke3 Bf5 55. Rc5 Kg8 56. Re5 1/2-1/2

[Event "Moscow op-A 15th"]
[Site "Moscow"]
[Date "2019.02.03"]
[Round "9"]
[White "Kulaev, Maxim"]
[Black "Isanzhulov, Arystan"]
[Result "1/2-1/2"]
[WhiteElo "2204"]
[BlackElo "2319"]
[PlyCount "140"]
[EventDate "2019.01.26"]
[EventType "swiss"]
[EventRounds "9"]
[EventCountry "RUS"]
[SourceTitle "CBM 188 Extra"]
[Source "ChessBase"]
[SourceDate "2019.02.28"]
[SourceVersion "1"]
[SourceVersionDate "2019.02.28"]
[SourceQuality "1"]

1. d4 Nf6 2. Nf3 d6 3. c4 g6 4. g3 Bg7 5. Bg2 0-0 6. Nc3 Nc6 7. 0-0 Nd7 8. e4 e5 9. d5 Ne7 10. Ne1 f5 11. Nd3 b6 12. Be3 a5 13. Rc1 Nc5 14. f3 Bd7 15. b3 f4 16. gxf4 Nxd3 17. Qxd3 exf4 18. Bd4 Bxd4+ 19. Qxd4 g5 20. Nd1 Ng6 21. Nf2 Ne5 22. Nd3 Nxd3 23. Qxd3 Re8 24. Qd4 Qe7 25. a3 Qg7 26. Qd2 Ra7 27. Rf2 Qf6 28. Kh1 Kf7 29. Qd3 Qe5 30. Qf1 Qe7 31. Bh3 Rg8 32. Bxd7 Qxd7 33. Qd3 Raa8 34. e5 dxe5 35. Qxh7+ Rg7 36. Qe4 Qd6 37. Rg2 Rag8 38. Rcg1 Kf6 39. a4 Qd7 40. c5 Rd8 41. Rd1 bxc5 42. Rc2 Qf5 43. Qe2 g4 44. fxg4 Qxg4 45. Qf1 Qg6 46. Re2 Rdg8 47. d6 Qh5 48. d7 Ke7 49. d8Q+ Rxd8 50. Rde1 Rd5 51. Qxf4 Ke6 52. Qe3 Qh7 53. Qe4 Qh5 54. Rf2 Rd1 55. Qc6+ Rd6 56. Qxc5 Re7 57. Qxa5 Qg5 58. Qc5 Kd7 59. Qb5+ c6 60. Qb7+ Ke6 61. Qc8+ Red7 62. Qe8+ Re7 63. Qc8+ Red7 64. Qh8 Rg7 65. Qh3+ Ke7 66. Rf5 Qg6 67. Rfxe5+ Kd8 68. Qh4+ Kc7 69. Re7+ Rd7 70. Qf4+ Kb7 1/2-1/2

[Event "Moscow op-A 15th"]
[Site "Moscow"]
[Date "2019.01.27"]
[Round "2"]
[White "Tutisani, Noe"]
[Black "Kulaev, Maxim"]
[Result "1-0"]
[WhiteElo "2468"]
[BlackElo "2204"]
[PlyCount "101"]
[EventDate "2019.01.26"]
[EventType "swiss"]
[EventRounds "9"]
[EventCountry "RUS"]
[SourceTitle "CBM 188 Extra"]
[Source "ChessBase"]
[SourceDate "2019.02.28"]
[SourceVersion "1"]
[SourceVersionDate "2019.02.28"]
[SourceQuality "1"]

1. e4 e6 2. d4 d5 3. Nc3 Bb4 4. e5 Ne7 5. h4 c5 6. a3 Bxc3+ 7. bxc3 Qc7 8. Nf3 b6 9. Bb5+ Bd7 10. Bd3 h6 11. h5 Nbc6 12. 0-0 0-0 13. Bf4 f5 14. exf6 Qxf4 15. fxe7 Nxe7 16. Ne5 Be8 17. g3 Qg5 18. Be2 Rc8 19. Bg4 Qf6 20. Qd3 Nf5 21. Rae1 cxd4 22. cxd4 Kh8 23. Re2 Nd6 24. Re3 Ne4 25. Rf3 Qe7 26. Rxf8+ Qxf8 27. c4 Nf6 28. Bxe6 dxc4 29. Nxc4 Rd8 30. Ne5 Bxh5 31. Bf5 Qd6 32. Bg6 Bxg6 33. Qxg6 Rf8 34. Nf7+ Rxf7 35. Qxf7 Qxd4 36. Rc1 Qb2 37. Rc7 Qb1+ 38. Kh2 Ng4+ 39. Kg2 Qe4+ 40. Qf3 Qg6 41. Rc8+ Kh7 42. Qa8 Qf5 43. Rh8+ Kg6 44. Qe8+ Qf7 45. Qxf7+ Kxf7 46. Ra8 Ne5 47. Rxa7+ Kf6 48. f4 Nc4 49. Kf3 g5 50. Ra4 Na5 51. Rb4 1-0